00404 a2200121 4500001001000000005001700010008004100027245008300068100002500151700002200176773006700198999001700265ART_1226720260410161904.0260409a 10aFull maximum likelihood estimation of second order autoregressive error models1 aMac Kinnon, James G.1 aBeach, Charles M.0 tJournal of econometricsg- Vol. 7, NÂș 2 (abr. 1978)wREV11720 c26215d26215